00327nam a2200145Ia 4500003000400000005001700004008004100021040000700062041000800069082001900077100001600096245002500112260003600137365000800173OSt20230601154328.0210423s1995 xx 000 0 und d cAL aeng a920 223bAHIG aAHIR (D C). aGandhi and ambedkar. aNew DelhibBluemoon Booksc1995 cINR